Big basic book of PCs / (Record no. 134971)

MARC details
000 -LEADER
fixed length control field 00821nam a22002657a 4500
005 - DATE AND TIME OF LATEST TRANSACTION
control field 20170124110237.0
010 ## - LIBRARY OF CONGRESS CONTROL NUMBER
LC control number A-439124
020 ## - INTERNATIONAL STANDARD BOOK NUMBER
Terms of availability 295.00
International Standard Book Number 8120313151
035 ## - SYSTEM CONTROL NUMBER
System control number A-439124
037 ## - SOURCE OF ACQUISITION
Source of stock number/acquisition Cen Lib/Ret
040 ## - CATALOGING SOURCE
Original cataloging agency DPL
Language of cataloging EN
082 ## - DEWEY DECIMAL CLASSIFICATION NUMBER
Classification number 004.16
Item number BUC
100 ## - MAIN ENTRY--PERSONAL NAME
Personal name Bucki, Lisa A.
9 (RLIN) 41782
245 ## - TITLE STATEMENT
Title Big basic book of PCs /
Statement of responsibility, etc by Lisa A. Bucki;Jennifer Fulton [and] Ed Guilford
250 ## - EDITION STATEMENT
Edition statement 2th ed
260 ## - PUBLICATION, DISTRIBUTION, ETC. (IMPRINT)
Place of publication, distribution, etc New Delhi
Name of publisher, distributor, etc Prentice Hall
Date of publication, distribution, etc 1998
270 ## - ADDRESS
Address M-97 Connaught Circus
City New Delhi
Postal code 110001
300 ## - PHYSICAL DESCRIPTION
Extent xviii,586p. :
Dimensions 27cm(Hb)
Other physical details ill.
500 ## - GENERAL NOTE
General note Includes index
650 ## - SUBJECT ADDED ENTRY--TOPICAL TERM
Topical term or geographic name as entry element Microcomputers
9 (RLIN) 42365
650 ## - SUBJECT ADDED ENTRY--TOPICAL TERM
Topical term or geographic name as entry element Microsoft Windows (Computer file)
9 (RLIN) 42366
700 ## - ADDED ENTRY--PERSONAL NAME
9 (RLIN) 42292
Personal name Fulton, Jennifer
700 ## - ADDED ENTRY--PERSONAL NAME
Personal name Ed Guilford
9 (RLIN) 42367
942 ## - ADDED ENTRY ELEMENTS (KOHA)
Source of classification or shelving scheme Dewey Decimal Classification
Koha item type English Books
Classification part 004.16
Call number prefix BUC
Holdings
Withdrawn status Lost status Damaged status Not for loan Home library Current library Date acquired Source of acquisition Cost, normal purchase price Total Checkouts Full call number Barcode Date last seen Copy number Cost, replacement price Price effective from Koha item type
        Central Library Central Library 01/08/2015 Cen Lib/Ret 295.00   004.16 BUC A-439124 01/08/2015 1 295.00 01/08/2015 English Books

© Delhi Public Library
Hit Counter
free hit counter